Podnikanie na slovenskom realitnom trhu

Formovanie trhu s nehnuteľnosťami v SR - história. Subjekty podnikania pre realitnú činnosť. Dynamika pridanej hodnoty a priemerného počtu zamestnaných osôb v sektore – činnosti v oblasti nehnuteľností v SR, v rokoch 2000 – 2013 v percentách. Činnosti v oblasti nehnuteľnosti sú podmienené vedomostno...

Full description

Saved in:
Bibliographic Details
Main Author: Nemcová, Daniela, 1963-
Format: Book Chapter
Language:Slovak
Subjects:
Tags: Add Tag
No Tags, Be the first to tag this record!

MARC

LEADER 00000nla a2200000 4500
001 0207779
005 20240502073444.8
041 0 |a slo 
044 |a SK 
245 1 0 |a Podnikanie na slovenskom realitnom trhu  |c Daniela Nemcová 
520 |a Formovanie trhu s nehnuteľnosťami v SR - história. Subjekty podnikania pre realitnú činnosť. Dynamika pridanej hodnoty a priemerného počtu zamestnaných osôb v sektore – činnosti v oblasti nehnuteľností v SR, v rokoch 2000 – 2013 v percentách. Činnosti v oblasti nehnuteľnosti sú podmienené vedomostnou úrovňou pracovníkov. 
610 2 0 |a trh realitný 
610 2 0 |a Slovensko 
100 1 |a Nemcová, Daniela, 1963-